| 000 | 00426nam a2200157 4500 | ||
|---|---|---|---|
| 001 | 127169 | ||
| 003 | ES-MaACL | ||
| 005 | 20230906192945.0 | ||
| 007 | t| | ||
| 008 | 070214s1923 it r ||||1| ita d | ||
| 100 | 1 |
_aRicci, Corrado ( _d1858-1934) _996877 |
|
| 245 | 1 | 0 |
_aFra storia e leggenda / _cCorrado Ricci. |
| 260 |
_aMilano : _bTreves, _c1923. |
||
| 300 |
_a232 p. : _bil. ; _c21 x 15 cm. |
||
| 852 |
_aES-MaACL _jF-5810 |
||
| 999 |
_c127169 _d127169 |
||